Normal view
MARC view
Entry Personal Name
001 - CONTROL NUMBER
- control field: 10956
003 - CONTROL NUMBER IDENTIFIER
- control field: TZ-ArACH
005 - DATE AND TIME OF LATEST TRANSACTION
- control field: 20130523091517.0
008 - FIXED-LENGTH DATA ELEMENTS
- fixed length control field: 130523|||a|||||| | ||| d
040 ## - CATALOGING SOURCE
- Original cataloging agency: TZ-ArACH
- Transcribing agency: TZ-ArACH
100 ## - HEADING--PERSONAL NAME
- Personal name: Stora, Benjamin,
- Dates associated with a name: 1950-
670 ## - SOURCE DATA FOUND
- Source citation: Work cat.: (TZ-ArACH)2333: Stora, Benjamin, 1950-, Guerre invisible :, 2001.
670 ## - SOURCE DATA FOUND
- Source citation: Work cat.: (TZ-ArACH)2333: Stora, Benjamin, 1950-, Guerre invisible :, 2001.
